000 00831nam a22002535i 4500
001 12535
003 ES-MaACL
005 20260209164736.0
007 t|
008 960919s1996 sp ||||0| spa j
020 _a84-7738-379-0
040 _aM-BN
_bspa
_cM-BN
080 _a903(6)
100 1 _aFernández Martínez, Víctor M.
_949913
245 1 0 _aArqueología prehistórica de Africa /
_cVictor M. Fernández Martínez.
260 _aMadrid :
_bSíntesis,
_cD.L. 1996.
300 _a271 p :
_bil ;
_c22 cm.
490 1 _aHistoria universal ;
_v9.
_aPrehistoria
651 4 _aÁfrica-
_xHistoria
_97595
651 4 _aÁfrica-
_xRestos arqueológicos prehistóricos
_97599
830 0 0 _aHistoria universal.
_pPrehistoria
_v9.
_9228308
852 _aES-MaACL
_jL-19896
_bR.125667
999 _c12535
_d12535